00668nam a2200193Ia 4500003000900000008004100009020001800050040001600068080002200084100002100106245015200127260003700279300001000316500002600326650004600352650004100398700001500439700002000454IN-BaIIA211028s9999 xx 000 0 eng d a0-8243-0912-X cIIA Library a52(047.1)bAAA-12 aBurbridge, G. R. 0aAnnual reviews of astronomy and astrophysicsbvol. 12cG. R. Burbridge, D. Layzer and J. G. Phillips  aCaliforniabAnnual Reviewsc1974 a495p. aDonated by Mrs. Bappu aAnnual Reviews-Astronomy and Astrophysics aAstronomy and Astrophysics Thesaurus aLayzer, D. aPhillips, J. G.